Statistics for 2014-15 NBA Power Ranks

Click here to take the quiz!

General Stats

  • This quiz has been taken 37 times
  • The average score is 24 of 30

Answer Stats

Power Rank:Team:% Correct
1Warriors
94%
2Cavaliers
91%
7Spurs
88%
17Thunder
85%
3Rockets
85%
4Hawks
85%
5Clippers
85%
26Magic
85%
11Mavericks
85%
12Pelicans
85%
21Heat
85%
29Knicks
82%
27Lakers
82%
15Nets
82%
25Kings
79%
19Pacers
79%
16Celtics
79%
18Suns
79%
14Bucks
79%
8Bulls
79%
13Raptors
76%
22Hornets
76%
9Wizards
76%
30Timberwolves
76%
23Pistons
74%
24Nuggets
74%
10Trail Blazers
74%
2876ers
74%
20Jazz
71%
6Grizzles
15%

Score Distribution

Percentile by Number Answered

Percent of People with Each Score

Your Score History

You have not taken this quiz